000 00293nam a22001337a 4500
008 171002b xxu||||| |||| 00| 0 eng d
020 _a0226816257
041 _aeng
080 _25TH
_a37
100 _a47
101 _aEDU
245 _aA MANUAL FOR WRITERS
_cTURABIAN,K.L
942 _2udc
_cBK
999 _c31078
_d31078